00410nam a2200133Ia 450000500170000000800410001702000150005808200130007310000290008624500460011526000400016130000130020150000620021420250630012121.0240331s9999 xx 000 0 und d a9552006120 a294bBAL a Balangoda Sobith, Thera 0aBudu dahamin pilibibuwana pelabeem niyaya aColombobS. Godage & Brothersc1991 a224 p ., aThe Theory of Temptations Reflected in Buddhism Balangoda